| 000 | 00401pab a2200157 454500 | ||
|---|---|---|---|
| 008 | 180718b2006 xxu||||| |||| 00| 0 eng d | ||
| 100 | _aArnott, Richard | ||
| 245 | _aAn integrated model of downtown parking and traffic congestion | ||
| 260 | _c2006 | ||
| 300 | _ap.418-42. | ||
| 362 | _aNov | ||
| 650 | _aTraffic | ||
| 700 | _aInci, Eren | ||
| 773 | _aJournal of Urban Economics | ||
| 909 | _a72812 | ||
| 999 |
_c72812 _d72812 |
||